000 00444nam a2200205Ia 4500
001 12288
003 GE_BSU
008 181216s||||||||xx |||||||||||||| ||und||
020 _a9780006493150
040 _cGE_BSU
080 _a821.111-312.4
100 _aPatterson, james
245 _aKiss the Girls
260 _aLondon
260 _bHarper Collins
260 _c1995
300 _a450p.18cm.
653 _aKiss the Girls
942 _cBK
999 _c45463
_d45463